Llibre blanc de l'atenció precoç
ISBN:
84-7794-773-2
Descripción Física:
127 p. ; 24 cm
MARC
| LEADER | 00000nam a2200000Ia 4500 | ||
|---|---|---|---|
| 001 | 13139 | ||
| 008 | 160829s2001 xx 000 0 cat d | ||
| 020 | |a 84-7794-773-2 | ||
| 080 | |a S-1-170 | ||
| 245 | |a Llibre blanc de l'atenció precoç | ||
| 260 | |a Barcelona : |b Diputació de Barcelona. Area de Benestar Social, |c 2001 | ||
| 300 | |a 127 p. ; |c 24 cm | ||
| 590 | |a Títol original : Libro blanco de la atención temprana editat pel Real Patronato de Prevención y de Atención de Personas con Minusvalía | ||
| 650 | |a Atenció primària |9 37040 | ||
| 650 | |a Infants |9 43620 | ||
| 700 | |a Real Patronato de Prevención y de Atención de Personas con Minusvalía |9 37042 | ||
| 710 | 1 | |a Barcelona (Catalunya : Província). |b Àrea de Benestar Social |9 52988 | |
| 901 | |a Arxiu | ||
| 942 | |n 1 | ||
| 952 | |0 0 |1 0 |4 0 |6 S1170 |7 1 |9 47615 |a Arxiu |b Arxiu |d 2016-12-01 |l 0 |o S-1-170 |p 13139 |r 2016-12-01 00:00:00 |w 2016-12-01 |y ARXIU | ||
| 999 | |c 51414 |d 51414 | ||